| 000 | 00718nam a2200205 a 4500 | ||
|---|---|---|---|
| 003 | OSt | ||
| 005 | 20140724170619.0 | ||
| 008 | 140724s2014 sp a || 001 ||spa|d | ||
| 020 | _a9788487641442 | ||
| 040 |
_bcat _cCDMR |
||
| 100 | 1 |
_aOlmos, Víctor _91101 |
|
| 245 | 1 | 3 |
_aLa Casa de los periodistas _b: Asociación de la Prensa de Madrid, 1979-2010 _cVíctor Olmos |
| 260 |
_aMadrid _bAsociación de la Prensa de Madrid _c2011 |
||
| 300 |
_a1330 p., [64] p. de làm. _bil. _c25 cm |
||
| 504 | _aBibliografia. Índex | ||
| 610 | 2 | 4 |
_aAsociación de la Prensa de Madrid _xHistòria _987 |
| 650 | 0 | 4 |
_aPeriodisme _zMadrid (Madrid) _xSocietats, etc. _9382 |
| 710 | 2 |
_aAsociación de la Prensa de Madrid _987 |
|
| 942 | _cMON | ||
| 999 |
_c6750 _d6750 |
||